Normal view
MARC view
- Transport Research Laboratory (Great Britain)
Entry Corporate Name
001 - CONTROL NUMBER
- control field: 43400
003 - CONTROL NUMBER IDENTIFIER
- control field: NUST
005 - DATE AND TIME OF LATEST TRANSACTION
- control field: 20210314132635.0
008 - FIXED-LENGTH DATA ELEMENTS
- fixed length control field: 210314|| aca||aabn | a|a d
040 ## - CATALOGING SOURCE
- Original cataloging agency: NUST
- Transcribing agency: NUST
110 ## - HEADING--CORPORATE NAME
- Corporate name or jurisdiction name as entry element: Transport Research Laboratory (Great Britain)
670 ## - SOURCE DATA FOUND
- Source citation: Work cat.: (NUST): Hay, Jim. 43398, Response of bridges to wind /, 1992.
